| 000 | 00854nam a2200229 i 4500 | ||
|---|---|---|---|
| 001 | 105520 | ||
| 003 | ES-MaACL | ||
| 007 | t| | ||
| 008 | 060721s1967 fr ||||1| fre d | ||
| 080 | _a657.47 | ||
| 080 | _a330.831.8 | ||
| 100 | 1 |
_aBujarin, Nikolai Ivanovich, _d1888-1938 _9242370 |
|
| 245 | 1 | 2 |
_aL'economie politique du rentier _b: la théorie de la valeur et du profit de l'école autrichienne (critique de l'économie marginaliste) / _cNicolas Boukharine ; préface de Pierre Naville. |
| 260 |
_aParis : _bEtudes et Documentation Internationales, _c[1967] |
||
| 300 |
_a204 p. ; _c21 cm. |
||
| 500 | _aBiblioteca Juan Andrade. | ||
| 650 | 1 | 4 |
_aValor añadido. _917728 |
| 650 | 1 | 4 |
_aEscuela austriaca de economía. _912405 |
| 700 | 1 |
_aNaville, Pierre. _985234 |
|
| 852 |
_aES-MaACL _jAND-336 _bR.109641 |
||
| 999 |
_c105520 _d105520 |
||